• 首页
  • 本馆介绍
  • 公告通知
  • 最新文献
  • 馆藏检索
  • 电子资源
  • 读者导购
  • 参考咨询
  • 我的图书馆
  • 登录
  • 详细信息显示
  • 放入我的书架
  • 预约/预借图书
  • 作者相关作品
  • 分类相关作品
  • 丛书相关作品
  • 出版社相关作品

书目信息

  • 表格格式
  • 工作单格式
  • 卡片格式
题名:
建筑材料与检测技术
    
 
作者: 黄家骏 主编
分册:  
出版信息: 武汉   武汉工业大学出版社  2004
页数: 340页
开本: 26cm
丛书名:
单 册:
中图分类: TU502
科图分类:
主题词: 建筑材料--质量检验--高等学校--教材
电子资源:
ISBN: 978-7-5629-1558-4
000 00934nam0 2200253 450
001 0100104770
005 20110506084435.0
010    @a978-7-5629-1558-4@dCNY30.00
100    @a20021005d2000 em y0chiy0110 ea
101 0  @achi
102    @aCN@b420000
105    @ay z 000yy
106    @ar
200 1  @a建筑材料与检测技术@9Jian Zhu Cai Liao Yu Jian Ce Ji Shu;Zhu @f黄家骏主编@b专著
205    @a第二版
210    @a武汉@c武汉工业大学出版社@d2004
215    @a340页@d26cm
300    @a高等职业技术学校房屋建筑工程专业系列教材
330    @a全书共14章,主要介绍建筑材料的基本性质、无机气硬性胶凝材料、建筑用石材、水泥、混凝土、砂浆、墙体与屋面材料等在房屋建筑工程中常用的建筑材料的基本成分、性能、技术标准及应用等必要的知识。
606 0  @a建筑材料@x质量检验@x高等学校@j教材
690    @aTU502@v4
701  0 @a黄家骏@f(1968~)@9huang jia jun@4主编
801  0 @aCN@bAiZhiMarc@c20010712
905    @aBZT@dTU502@e17@f1@sTU502/17
    
    建筑材料与检测技术/黄家骏主编.-第二版.-武汉:武汉工业大学出版社,2004
    340页;26cm
    高等职业技术学校房屋建筑工程专业系列教材
    
    ISBN 978-7-5629-1558-4:CNY30.00
    全书共14章,主要介绍建筑材料的基本性质、无机气硬性胶凝材料、建筑用石材、水泥、混凝土、砂浆、墙体与屋面材料等在房屋建筑工程中常用的建筑材料的基本成分、性能、技术标准及应用等必要的知识。
●
相关链接 在五车中查询图书 在当当中查询图书 在豆瓣中查询图书


正题名:建筑材料与检测技术     索取号:TU502/17         预约/预借

序号 登录号 条形码 馆藏地/架位号 状态 备注
1 2000015510   2000015510   旧书回溯/ [索取号:TU502/17] 在馆    
山东省滨州职业学院图书馆 欢迎您!
大连网信软件有限公司© 版权所有